书目信息 |
| 题名: |
1000个奥运冠军
|
|
| 作者: | 莱因哈特 编著 ;王晓芳 译 | |
| 分册: | ||
| 出版信息: | 北京 北京科学技术出版社 2008.04 |
|
| 页数: | 341页 | |
| 开本: | 24cm | |
| 丛书名: | ||
| 单 册: | ||
| 中图分类: | K815.47 | |
| 科图分类: | ||
| 主题词: | 奥运会--ao yun hui--冠军--生平事迹--世界 | |
| 电子资源: | ||
| ISBN: | 978-7-5304-3660-8 | |
| 000 | 01007nam0 2200277 450 | |
| 001 | 012008452645 | |
| 005 | 20080508170621.10 | |
| 010 | @a978-7-5304-3660-8@dCNY68.00 | |
| 100 | @a20080507d2008 em y0chiy0120 ea | |
| 101 | 0 | @achi |
| 102 | @aCN@b110000 | |
| 105 | @aac z 000yy | |
| 106 | @ar | |
| 200 | 1 | @a1000个奥运冠军@A1000 ge ao yun guan jun@d= 1000 olympic champions@zeng |
| 210 | @a北京@c北京科学技术出版社@d2008.04 | |
| 215 | @a341页@c图, 肖像@d24cm | |
| 300 | @a百年奥运英雄记 | |
| 314 | @a责任者取自版权页 | |
| 330 | @a本书从独特的视角对奥运历史上最出色的运动员和他们最辉煌、最难忘的时刻做了回顾。洗炼精准的文字和1000名奥运冠军的精彩照片,涵盖了空前丰富的信息,使本书成为所有体育迷和奥运迷的必备经典。 | |
| 510 | 1 | @a1000 olympic champions@zeng |
| 606 | 0 | @a奥运会@Aao yun hui@x冠军@x生平事迹@y世界 |
| 690 | @aK815.47@v4 | |
| 701 | 1 | @a莱因哈特@Alai yin ha te@4编著 |
| 702 | 0 | @a王晓芳@Awang xiao fang@4译 |
| 801 | 0 | @aCN@bQSSK@c20080508 |
| 905 | @b706705-06@dK815.47@eL028@f2 | |
| 1000个奥运冠军= 1000 olympic champions.-北京:北京科学技术出版社,2008.04 |
| 341页:图, 肖像;24cm |
| 百年奥运英雄记 |
| ISBN 978-7-5304-3660-8:CNY68.00 |
| 本书从独特的视角对奥运历史上最出色的运动员和他们最辉煌、最难忘的时刻做了回顾。洗炼精准的文字和1000名奥运冠军的精彩照片,涵盖了空前丰富的信息,使本书成为所有体育迷和奥运迷的必备经典。 |
| ● |
| 相关链接 |
|
|
|
正题名:1000个奥运冠军
索取号:K815.47/L028
 
预约/预借
| 序号 | 登录号 | 条形码 | 馆藏地/架位号 | 状态 | 备注 |
| 1 | 706705 | 207067056 | 社科库309/309社科库 43排3列2层/ [索取号:K815.47/L028] | 在馆 | |
| 2 | 706706 | 207067065 | 社科库309/309社科库 43排3列2层/ [索取号:K815.47/L028] | 在馆 |